000 01197nam a22002897i 4500
003 EG-GICUC
005 20260204213953.0
008 260204s1915 fr ||||fr|||| 000 0 fre d
040 _aEG-GiCUC
_bfre
_cEG-GiCUC
_dEG-GiCUC
_eRda
082 0 4 _221
_a341.81
_bBA . D
092 0 4 _221
099 _aLaw1 12 341.81 BA . D 1915
100 1 _aBaie, Eugène
_eAuteur
245 1 3 _aLe Droit Des Nationalités /
_cEugène Baie.
_n
264 1 _aparis :
_bLibrairie Félix Alcan,
_c1915.
300 _a110page :
_billustration ;
_c 24 cm.
336 _2rda contenu
_a texte
337 _2rda medias
_aOrdinateur
338 _2 transporteur rda
_a Ressource en ligne
500 _aConsultation De Mm. Émile Boutboux, Carton De Wiart, L. Luzzatti, Mil. R. Vesnitch. Vandervelde, Zygmunt, L. Zaleski, Yorga, Abbe Wetterle, Andreadės, Peterson, John Galsworthy, Norman Angell. Aulard, François De Curel, C' Adrien De Gerlache, Ernest Lehr. Lyon-caen, Edouard Clunet, Merignhac, Hennebico
546 _aTexte en français
650 1 4 _aDroit international privé
_2
651 1 _2
856 4 0 _uhttps://fll.law.cu.edu.eg/fulltext/bks/B12-01884.pdf
905 _a50
942 _2ddc
_cBK
_e21
_n0
999 _c61161
_d61161